Central Library OPAC University of Rajshahi

Farm machinery design : (Record no. 66621)

MARC details
000 -LEADER
fixed length control field 00792nam a2200265 a 4500
001 - CONTROL NUMBER
control field 66621
003 - CONTROL NUMBER IDENTIFIER
rucl marc code BD-RjUL
005 - DATE AND TIME OF LATEST TRANSACTION
control field 20211209081548.0
008 - FIXED-LENGTH DATA ELEMENTS--GENERAL INFORMATION
fixed length control field 170318s2008 ii a|||| |||| 001 0 eng d
035 ## - SYSTEM CONTROL NUMBER
System control number (BD-RjUL)66751
040 ## - CATALOGING SOURCE
Original cataloging agency BD-RjUL
Language of cataloging eng
Transcribing agency BD-RjUL
041 ## - LANGUAGE CODE
Language code of text/sound track or separate title eng
082 ## - DEWEY DECIMAL CLASSIFICATION NUMBER
Edition number 23
Classification number 631.304
Author mark and year SHF 2008
100 ## - MAIN ENTRY--PERSONAL NAME
Personal name Sharma, D. N.
9 (RLIN) 197235
245 ## - TITLE STATEMENT
Title Farm machinery design :
Remainder of title principles and problems /
Statement of responsibility, etc. D. N. Sharma and S. Mukesh
250 ## - EDITION STATEMENT
Edition statement 1st ed.
260 ## - PUBLICATION, DISTRIBUTION, ETC. (IMPRINT)
Place of publication, distribution, etc. New Delhi :
Name of publisher, distributor, etc. Jain Brothers,
Date of publication, distribution, etc. c2008.
300 ## - PHYSICAL DESCRIPTION
Pagination viii, 311 p. :
Illustrations ill. ;
Size 24 cm.
500 ## - GENERAL NOTE
General note Includes Index.
650 ## - SUBJECT ADDED ENTRY--TOPICAL TERM
Topical term or geographic name as entry element Machine design.
9 (RLIN) 40060
Topical term or geographic name as entry element Agricultural machinery.
9 (RLIN) 158207
Topical term or geographic name as entry element Tillage implements.
9 (RLIN) 197236
700 ## - ADDED ENTRY--PERSONAL NAME
Personal name Mukesh, S.
942 ## - ADDED ENTRY ELEMENTS (KOHA)
Source of classification or shelving scheme Dewey Decimal Classification
Koha item type Books
Holdings
Lost status Source of classification or shelving scheme Damaged status Not for loan Collection code Permanent Location Current Location Shelving location Date acquired Source of acquisition Cost, normal purchase price Total Checkouts Full call number Date last seen Copy number Koha item type
  Dewey Decimal Classification   Not For Loan Non-fiction Central Library, University of Rajshahi Central Library, University of Rajshahi Reading Room 16/08/2010 Dhaka, Paragon Enterprises Ltd 195.00   631.304 SHF 2008 18/03/2017 C-1 Books